Cumhuriyet döneminde dini hayatın meseleleri (Record no. 1285)

MARC details
000 -BAŞLIK
Sabit Uzunlukta Kontrol Alanı 00725na a2200253 4500
001 - KONTROL NUMARASI
Denetim Alanı 12921
003 - KONTROL NUMARASI IDENTIFIER
Denetim Alanı MIRAKIL
005 - SON İŞLEM TARİHİ VE ZAMANI
Denetim Alanı 20181213154817.0
008 - SABİT-BOY VERİ ELEMANLARI - GENEL BİLGİLER
Sabit Uzunlukta Kontrol Alanı 161012b tu 000 0
020 ## - ULUSLARARASI STANDART KİTAP NUMARASI
Uluslararası Standart Kitap Numarası 9759377403
035 ## - SİSTEM KONTROL NUMARASI
Sistem Kontrol Numarası 12921
040 ## - KATALOGLAMA KAYNAK
Orijinal Kataloglama Ajansı Milas
Kataloglama Dili tur
Metne Dönüştürmek Ajansı TR-AnCHP
041 ## - DİL KODU
Metin / Ses Parça Veya Ayrı Başlığın Dil Kodu tur
082 ## - DEWEY ONLU SINIFLANDIRMA NUMARASI
Sınıflandırma Numarası 297.09
Ürün Numarası S39c 2000
090 ## - SINIFLAMA NUMARASI
Sınıflama Numarası 297.09 S39c 2000
100 ## - ANA GİRİŞ - KİŞİSEL İSİM
Kişisel Ad Sezgin, Abdülkadir
245 ## - BAŞLIK TABLOSU
Başlık Cumhuriyet döneminde dini hayatın meseleleri
Sorumluluk Tablosu, Vb Abdulkadir Sezgin
260 ## - YAYIN, DAĞITIM, VB
Yayın, Dağıtım, Vb Yeri Samsun
Yayıncı, Dağıtıcı, Vs Adı Türk Ocakları Samsun Şubesi
Yayın, Dağıtım, Vb Tarihi 2000
300 ## - FİZİKSEL TANIM
Kapsam 92 s.
Boyutlar 20 sm.
490 ## - SERİSİ TABLOSU
Seri Beyanı Türk Ocakları Samsun Şubesi yayınları
Hacim / Ardışık Tanımı 1
650 ## - KONU KATMA GİRİŞ - TOPİKAL DÖNEM
Topikal Süreli Veya Coğrafi Ad Giriş Elemanı İslam yaşamı
650 ## - KONU KATMA GİRİŞ - TOPİKAL DÖNEM
Topikal Süreli Veya Coğrafi Ad Giriş Elemanı İslam
Genel Alt Bölümü Tarih
Kronolojik Alt Bölümü Cumhuriyet Dönemi
942 ## - EKLENDİ GİRİŞ ELEMANLARI (KOHA)
Sınıflandırma Veya Raf Düzeni Kaynak Dewey Decimal Classification
Koha Öğesi Türü Books
999 ## - SİSTEM KONTROL NUMARALARI (KOHA)
Koha Biblionumber 1285
Koha Biblioitemnumber 1285
Holdings
Kalıcı Konum Mevcut Konum Edinme Tarihi Edinim Kaynak Toplam Check-Out'Lar Tam Çağrı Numarası Barkod Tarih Son Görülme İtibaren Geçerli Fiyatlar Koha Öğesi Türü
CHP Kütüphanesi CHP Kütüphanesi 08/03/2016 Bağış   297.09 S39c 2000 000492 08/03/2016 08/03/2016 Books